Trattato teorico-pratico del possesso e delle azioni possessorie / (Record no. 46908)

MARC details
000 -LEADER
campo de control de longitud fija 00532nam a2200157 i 4500
001 - NÚMERO DE CONTROL
campo de control 46908
003 - IDENTIFICADOR DE NÚMERO DE CONTROL
campo de control ES-MaACL
007 - CAMPO FIJO DE DESCRIPCIÓN FÍSICA--INFORMACIÓN GENERAL
campo de control de longitud fija t|
008 - DATOS DE LONGITUD FIJA--INFORMACIÓN GENERAL
campo de control de longitud fija 030402s1909 it ||||1| ita d
100 1# - ENTRADA PRINCIPAL--NOMBRE DE PERSONA
Nombre de persona Consolo, Giovanni Cesareo.
9 (RLIN) 40235
245 10 - MENCIÓN DEL TÍTULO
Título Trattato teorico-pratico del possesso e delle azioni possessorie /
Mención de responsabilidad, etc. dell'avvocato Giovanni Cesareo Consolo.
250 ## - MENCION DE EDICION
Mención de edición 3 ed. riveduta ed ampliata.
260 ## - PUBLICACIÓN, DISTRIBUCIÓN, ETC.
Lugar de publicación, distribución, etc. Torino, etc. :
Nombre del editor, distribuidor, etc. Unione Tipografico-Editrice Torinese,
Fecha de publicación, distribución, etc. 1909.
300 ## - DESCRIPCIÓN FÍSICA
Extensión VIII, 927 p. ;
Dimensiones 25 cm.
852 ## - LOCALIZACIÓN
Ubicación ES-MaACL
Número de control de estantería G-5185
Holdings
Estatus retirado Estado de pérdida Estado de daño No para préstamo Biblioteca de origen Biblioteca actual Ubicación en estantería Fecha de adquisición Fuente de adquisición Total de préstamos Signatura topográfica completa Código de barras Visto por última vez Precio de reemplazo Tipo de ítem Koha
        Biblioteca del Ateneo de Madrid Biblioteca del Ateneo de Madrid Depósito 2 17/01/2008     G-5185 1049334 23/02/2023 23/02/2023 Libro impreso